[Event "Calchess State Scholastics"]
[Site "Santa Clara"]
[Date "2004.03.20"]
[Round "3"]
[White "Sankar, Aravind"]
[Black "Schwarz, Joseph"]
[Result "1-0"]
[WhiteElo "526"]
[BlackElo "529"]
[PlyCount "41"]
[EventDate "2004.03.20"]
[EventType "team"]
[EventRounds "6"]
[EventCountry "USA"]
[SourceTitle "EXT 2007"]
[Source "ChessBase"]
[SourceDate "2006.11.23"]
[SourceVersion "1"]
[SourceVersionDate "2006.11.23"]
[SourceQuality "1"]

1. e4 e5 2. Nf3 Nc6 3. Nc3 Nf6 4. Bc4 Na5 5. d3 b6 6. 0-0 Bb7 7. b4 Bxb4 8. Bb2 c6 9. Nxe5 d6 10. Nxf7 Qc7 11. Nxh8 Bc8 12. Bf7+ Kf8 13. Re1 Bg4 14. Qd2 Bh5 15. Re3 Bc5 16. Rg3 Bxf7 17. Re1 d5 18. e5 Nh5 19. Rg4 Qxe5 20. Rxe5 Bd6 21. Re1 1-0